000 00443nam a2200157Ia 4500
008 240729s9999 xx 000 0 und d
022 _a2454-2342
245 0 _aNew Indian Journal of OBGYN
260 _aIndia
260 _bBarpeta Obstetrics and Gynaecological Society
650 _a Gynecology and obstetrics
650 _aMedicine
856 _uhttps://doaj.org/toc/17128ee0ded94dbb9a68b68ecf4412aa
942 _2ddc
942 _cDOAJEJ
999 _c66091
_d66091
945 _a1
_bMadushi Gamage
_c1
_dMadushi Gamage